000 00577nam a22001697a 4500
005 20231108105719.0
008 231108b |||||||| |||| 00| 0 eng d
041 _aEnglish
082 _a346.3 KEM
100 _aKemp, DA ; Kemp, MS and McOustra, CJC
_lEnglsih
245 _aThe Quantum of Damages :
_bFatal Injury Claims /
_cDA Kemp, MS Kemp and CJC McOustra
250 _aSecond Edition
260 _aLondon :
_bSweet & Maxwell Limited,
_c1962
300 _bxxiii, 323 pages ;
_c23 cm.
650 _aLegal practice
_bLaw
942 _cBK
_6ALISON_BN_VRIES
999 _c423
_d423